| 000 | 00645nam a2200193Ia 4500 | ||
|---|---|---|---|
| 005 | 20250508151924.0 | ||
| 008 | 008 250505s9999 xx 000 0 eng d | ||
| 037 | _aBooks to be hide in OPAC | ||
| 040 |
_aFEDL _beng _cFEDL |
||
| 041 |
_aeng _2eng |
||
| 084 |
_a420.7, PAT _qFEDL |
||
| 100 | _aPatel M S | ||
| 245 | 0 | _aModern trends in the teaching of english in India | |
| 260 |
_aBaroda, India _bFaculty of Education and Psychology _c1956 |
||
| 300 | _a20p. | ||
| 546 | _aReproduced from the journal of education and psychology, Baroda Vol. xiv. No. 3, October 1956 | ||
| 942 |
_cHB _h420.7, PAT |
||
| 999 |
_c1332980 _d1332980 |
||